Einkommensunterschiede zwischen Frauen und Männern Rechtliche Regelung und Einkommensstatistik im internationalen Vergleich

Salvato in:
Dettagli Bibliografici
Autore principale: Noll, Alfred J.
Natura: Libro
Lingua:tedesco
Pubblicazione: Wien Institut für Höhere Studien 1984
Serie:Forschungsbericht No. 202
Tags: Aggiungi Tag
Nessun Tag, puoi essere il primo ad aggiungerne!!

MARC

LEADER 00000nam a2200000 4500
001 c114893
005 20181203150329.4
041 0 |a ger 
044 |a AT 
245 1 0 |a Einkommensunterschiede zwischen Frauen und Männern  |b Rechtliche Regelung und Einkommensstatistik im internationalen Vergleich  |c Alfred J. Noll 
264 1 |a Wien  |b Institut für Höhere Studien  |c 1984 
300 |a 57 s. 
490 1 |a Forschungsbericht  |v No. 202 
830 0 |a Forschungsbericht  |v No. 202 
100 1 |a Noll, Alfred J.